| 000 | 01882cam a22005294i 4500 | ||
|---|---|---|---|
| 003 | PE-LiUPU | ||
| 005 | 20250731180058.0 | ||
| 008 | 150617s r 000 0 d | ||
| 035 | _a(Sirsi) a15913 | ||
| 040 |
_aPE-LiUPU _bspa _cPE-LiUPU _erda |
||
| 049 | _aPRUA | ||
| 082 | 0 | 4 |
_a591.153685 _bS92 _221 |
| 100 | 1 |
_aSumar Kalinowski, Julio, _eautor. |
|
| 245 | 1 | 0 |
_aDefectos congénitos y hereditarios en la alpaca : _bteratología / _cJulio Sumar-Kalinowski. |
| 264 | 1 |
_aLima : _bGráficos Bellido, _c1989. |
|
| 300 |
_a82 páginas ; _c21 cm |
||
| 336 |
_atext _2rdacontent |
||
| 337 |
_aunmediated _2rdamedia |
||
| 338 |
_avolume _2rdacarrier |
||
| 504 | _aIncluye bibliografía. | ||
| 505 | 0 | _aIntroducción -- Defectos del esqueleto facial -- Defectos del esqueleto apendicular -- Defectos del aparato digestivo -- Defectos de los órganos sensoriales -- Defectos de las cavidades corporales -- Defectos del sistema reproductivo -- Defectos descritos e implicaciones de orden práctico. | |
| 526 | _aSEG44 | ||
| 526 | _aSEG26 | ||
| 526 | _aP159 | ||
| 526 | _aP155 | ||
| 526 | _aP154 | ||
| 526 | _aP153 | ||
| 526 | _aP150 | ||
| 526 | _aP100 | ||
| 526 | _aP31 | ||
| 526 | _aP30 | ||
| 526 | _aP26 | ||
| 526 | _aP25 | ||
| 526 | _aP24 | ||
| 526 | _aP22 | ||
| 526 | _aP15 | ||
| 526 | _aP10 | ||
| 650 | 0 | 4 |
_aAlpacas _xEnfermedades. |
| 650 | 0 | 4 |
_aAlpacas _xMalformaciones. |
| 910 |
_ajck _bjvq _cjck _d20150616 |
||
| 942 |
_2ddc _cBOOK |
||
| 949 |
_a591.153685 S92 _wDEWEY _c1 _i33336 _lCCODEBUL1 _mBUL _p _r0 _sY _tBOOK _u19930207 _xEDUCACION _zUNKNOWN _0COMPRA _o.STAFF. Colección General |
||
| 994 |
_aC0 _bPEPRU |
||
| 596 | _a1 | ||
| 999 |
_a591.153685 S92 _wDEWEY _c10655 _i33336 _f2021-11-5 _g5 _lCCODEBUL1 _mBUL _r0 _sN _tBOOK _u2015-6-17 _xBIBLIOTECA _zUNKNOWN _0COMPRA _o.STAFF. Colección General _d10655 |
||
| 980 |
_81 _gALBERTO SANCHEZ Responsable de Automatización |
||